| 000 | 00407nam a2200157Ia 4500 | ||
|---|---|---|---|
| 008 | 230917s9999||||xx |||||||||||||| ||und|| | ||
| 020 | _cRS8.92 | ||
| 040 |
_e46171 _aMAIN |
||
| 041 | _aEnglish | ||
| 082 | _a822.33 S15H:S | ||
| 100 | _aHalliday, F E | ||
| 245 | 0 | _aShakespeare companion 1564-1964 | |
| 260 |
_aMiddlesex _bPenguin Books _c1964 |
||
| 300 | _aPenguins reference books; 27 p. | ||
| 942 | _cBK | ||
| 999 |
_c229353 _d229353 |
||